"Das Gebet des sündigen Papstes" inhaltliche Analyse eines populären religiösen Lesestoffes aus dem Bereich der christlichen deutschen Volksfrömmigkeit /
Elmentve itt :
| Szerző: | |
|---|---|
| Dokumentumtípus: | Könyv része |
| Megjelent: |
2016
|
| Sorozat: | A vallási kultúrakutatás könyvei
"Dein Wort ist meines Fusses Leuchte und ein Licht auf meinem Weg": Russistische und germanistische Studien aus dem Bereich der christlichen Volksfrömmigkeit |
| Kulcsszavak: | Népi vallásosság, Ima - népi, Vallási néprajz, Kereszténység |
| Tárgyszavak: | |
| Online Access: | http://acta.bibl.u-szeged.hu/67402 |
| LEADER | 01099naa a2200229 i 4500 | ||
|---|---|---|---|
| 001 | acta67402 | ||
| 005 | 20211004143715.0 | ||
| 008 | 200415s2016 hu o 0|| ger d | ||
| 020 | |a 978-963-306-490-0 | ||
| 022 | |a 2064-4825 | ||
| 040 | |a SZTE Egyetemi Kiadványok Repozitórium |b hun | ||
| 041 | |a ger | ||
| 100 | 1 | |a Orosz György | |
| 245 | 1 | 0 | |a "Das Gebet des sündigen Papstes" |h [elektronikus dokumentum] : |b inhaltliche Analyse eines populären religiösen Lesestoffes aus dem Bereich der christlichen deutschen Volksfrömmigkeit / |c Orosz György |
| 260 | |c 2016 | ||
| 300 | |a 282-306 | ||
| 490 | 0 | |a A vallási kultúrakutatás könyvei | |
| 490 | 0 | |a "Dein Wort ist meines Fusses Leuchte und ein Licht auf meinem Weg": Russistische und germanistische Studien aus dem Bereich der christlichen Volksfrömmigkeit | |
| 650 | 4 | |a Bölcsészettudományok | |
| 650 | 4 | |a Filozófia, etika és vallástudományok | |
| 695 | |a Népi vallásosság, Ima - népi, Vallási néprajz, Kereszténység | ||
| 856 | 4 | 0 | |u http://acta.bibl.u-szeged.hu/67402/1/vallasi_kulturakutatas_konyvei_024_282-306.pdf |z Dokumentum-elérés |